Score 0/117 Timer 07:00
0 Plays Today
% Correct
a
97.9%
a
97.9%
the
97.9%
and
97.9%
a
97.9%
the
97.9%
the
97.9%
I
96.6%
I
96.6%
I
96.6%
I
96.6%
I
96.6%
I
96.6%
I
96.6%
I
96.6%
I
96.6%
I
96.6%
I
96.6%
I
96.6%
I
96.6%
can
86.3%
can
86.3%
can
86.3%
be
85.3%
be
85.3%
be
85.3%
be
85.3%
be
85.3%
be
85.3%
be.
85.3%
to
78.7%
to
78.7%
to
78.7%
me.
78.1%
is
76.2%
go
74.3%
go
74.3%
go
74.3%
go
74.3%
% Correct
my
73.1%
my
73.1%
my
73.1%
my
73.1%
my
73.1%
where
72.7%
where
72.7%
Where
72.7%
where
72.7%
will
72%
will
72%
will
72%
will
72%
will
72%
on
71.5%
see
71.3%
for
71.1%
when
70.7%
of
70.4%
there
68.9%
know
68.3%
know
68.3%
distance.
68%
distance.
68%
if
67%
they
66.6%
like
64.3%
am
63.8%
have
63.6%
I'll
62.9%
I'll
62.9%
way;
62.7%
way.
62.7%
I'm
61.9%
this
60.6%
how
58.3%
find
57.6%
place
57.6%
find
57.6%
% Correct
every
57.2%
every
57.2%
belong.
56.6%
belong.
56.6%
off
56.2%
far,
55.8%
far
55.8%
strong.
54.4%
strong.
54.4%
face,
53.9%
feel
53.7%
don't
52.9%
waiting
52.8%
dreamed
52.6%
often
51.8%
while.
51.8%
while.
51.8%
mile
51.2%
mile
51.2%
worth
51%
worth
51%
welcome
51%
anywhere
50.8%
anywhere
50.8%
cheer
50.4%
meant
50%
most
49.7%
most
49.7%
someday
49.5%
would
49%
would
49%
warm
48.9%
crowds
48.7%
great
48.2%
care
44.3%
voice
44.2%
saying
44.1%
keeps
43%
somehow
41%
Remove Ads.
Support Sporcle.
Get the best of Sporcle when you Go Orange. This ad-free experience offers more features, more stats, and more fun while also helping to support Sporcle. Thank you for becoming a member.

You're not logged in!

Compare scores with friends on all Sporcle quizzes.
OR
Log In

Show Comments

Extras

Top Quizzes Today


Score Distribution

Your Account Isn't Verified!

In order to create a playlist on Sporcle, you need to verify the email address you used during registration. Go to your Sporcle Settings to finish the process.

Report this User

Report this user for behavior that violates our Community Guidelines.

Details: